LEADER 01243nam a2200205 4500 001 000000367438 003 CaOOAMICUS 005 20260424114817.0 008 260424s1919 it 000 u ita r 040 $aSeMil$bita 245 00$aNel 2. centenario della morte di s. Giov. Batt. De la Salle, fondatore dell'Istituto dei fratelli delle scuole cristiane, pedagogista insigne, precursore nel campo delle istituzioni scolastiche, nei metodi didattici educativi (1719-1919) 264 1$aTorino :$bTip. Palatina,$c1919. 300 $a12 p. ;$c34 cm 500 $aEdito per iniziativa dell'Unione antichi allievi dei fratelli delle scuole cristiane 600 14$aLa Salle, Giovanni Battista : de .$0(OLS)http://semarc/subject/7478 850 $aSeMil 852 $aSeMil$W1$xVenegono$y1$m5D XI 29/1$j270888$B258135$CSeMilBibl$Z2$F258135 $8M 996 $6245$aNel 2. centenario della morte di s. Giov. Batt. De la Salle, fondatore dell'Istituto dei fratelli delle scuole cristiane, pedagogista insigne, precursore nel campo delle istituzioni scolastiche, nei metodi didattici educativi (1719-1919)$9(OLS)http://semarc/title/459370 996 $6264$aTorino :$bTip. Palatina$9(OLS)http://semarc/publisher/63025